000 00573nam a2200193Ia 4500
001 6094
003 GE_BSU
008 181216s||||||||xx |||||||||||||| ||und||
040 _cGE_BSU
080 _a821.353.1-32
100 _aასათიანი, მამია
245 _aმთის ლეგენდები / მამია ასათიანი
245 _cრედ. გ. ნატროშვილი
260 _aთბილისი
260 _bნაკადული
260 _c1963
300 _a298გვ; 17სმ.
942 _cBK
999 _c39498
_d39498